00554 2200193 4500001002100000008004100021035002000062245007100082100002000153260003800173300003100211020002200242084001600264520002500280082001000305650002300315990001100338990001100349INLIS000000000014883 ind  a0010-1022000201 aAneka Resep Kopi MakyuscReva Divantary;editor, Intan Dewi Nuraini aREVA, Divantary aDepok :bSenja Media Utama,c2022 avi, 57 hlm.: ilus.c21 cm. a978-602-6563-46-0 a641.5 REV a aBibliografi.: 57 hlm a641.5 aMAKANAN.RESEP KOPI a9718 a a9718 b